| 000 | 01125nac a2200301 i 4500 | ||
|---|---|---|---|
| 003 | EG-GICUC | ||
| 005 | 20260501132059.0 | ||
| 008 | 260501s1896 fr ||||fr|||| 000 0bfre d | ||
| 040 |
_a EG-GICUC _bfre _c EG-GICUC _d EG-GICUC _erda |
||
| 041 | _afre | ||
| 082 | 0 | 4 |
_221 _a343.76605 _bMI . C |
| 092 | 0 | 4 | _221 |
| 099 | _aLaw1 10 343.76605 MI . C 1896 1011111 V4, C1 | ||
| 110 | 2 |
_aMinistère de l'Intérieur. _bRépublique Française _cParis. _d1895 |
|
| 245 | 1 | 0 |
_aVe Congrès Pénitentiaire International (Paris -1895) : _bRapports. _nQuatrième Section / _cRépublique Française, Ministère de l'Intérieur. |
| 264 | 1 |
_aMelun : _bImprimerir Administrative, _c1896. |
|
| 300 |
_a810 pages ; _c25 cm. |
||
| 336 |
_2rda content _atext |
||
| 337 |
_2rda media _aComputer |
||
| 338 |
_2rda carrier _aOnline Resource |
||
| 504 | _acomprend des références bibliographiques | ||
| 546 | _aالنص باللغة الفرنسية | ||
| 650 | 1 | 4 |
_aDroit pénal _zFrance |
| 650 | 1 | 4 |
_aPrisons _zFrance _vConférences |
| 856 | 4 | 0 | _uhttps://fll.law.cu.edu.eg/fulltext/bks/B10-11111.pdf |
| 905 | _a164 | ||
| 942 |
_2ddc _n0 _cBK _e21 |
||
| 999 |
_c74633 _d74633 |
||